000 01071nam a2200289 a 4500
001 73050
003 BD-RjUL
005 20211209082337.0
008 170527s1965 e a b 101 0 engmd
035 _a(BD-RjUL)73268
040 _aDLC
_cWSU
_dBD-RjUL
_beng
041 _aeng
082 _223
_a573.478
_bPAR 1965
099 _aQP187.A1.G139
245 0 4 _aThe parathyroid glands :
_bultrastructure, secretion, and function /
_cPieter J. Gaillard, Roy V. Talmage [and] Ann M. Budy, editors. With an introd. by Franklin C. McLean.
260 _aChicago,
_aLondon :
_bUniversity of Chicago Press,
_cc1965.
300 _axii, 353 p. :
_bill. ;
_c24 cm.
504 _aIncludes bibliography and index
650 0 _aParathyroid glands
_vCongresses.
_9216084
700 1 _aGaillard, Pieter J.
_9216085
700 1 _aTalmage, Roy V.
_9216085
700 1 _aBudy, Ann M.
_9216086
710 2 _aRijksuniversiteit te Leiden.
_9157980
710 2 _aRice University.
_9216087
711 2 _aParathyroid Conference
_n(2nd :
_d1964 :
_cNoordwijk, Netherlands)
_9216088
942 _2ddc
_cBK
999 _c73050
_d73050